000 00631nam a2200205Ii 4500
001 10194
003 CO-ViMGA
008 241108s9999||||xx |||||||||||||| ||und||
040 _aCO-ViMGA
_bspa
_erda
_cCO-ViMGA
041 0 _aunk
082 0 4 _a925-H992
100 1 _aGuillermo Hernández de Alba
_947520
245 1 0 _aDiario de observación de José Celestino Mutis
264 1 _a[Lugar de publicación no identificado] : Linotipia, 1983
300 _avolumen
336 _atext
_btxt
_2rdacontent
337 _aunmediated
_bn
_2rdamedia
338 _avolume
_bnc
_2rdacarrier
940 _aidficha_siabuc: 9965. -- ficha_no_siabuc:10194
999 _c52128
_d52128